banner-ar

الاسعافات الاولية / (Record no. 64755)

MARC details
000 -الفاتح
حقل البيانات ثابتة الطول 00499nam a2200169Ia 4500
005 - وقت وتاريخ اخر تعامل مع التسجيلة
رقم الضبط 20240530110749.0
008 - عناصر البيانات ثابتة الطول - معلومات عامة
حقل البيانات ثابتة الطول 140319s9999 xx 000 0 ara d
040 ## - مصدر الفهرسة
وكالة الفهرسة الأصلية GCL /
وكالة النسخ GCL
082 04 - رقم تصنيف ديوى العشرى
رقم التصنيف 614.88 \
رقم المادة ر أ
100 1# - المدخل الرئيسى - إسم شخصى
الإسم الشخصى رامسى ، اولف
245 12 - بيان العنوان
العنوان الاسعافات الاولية /
بيان المسئوليه,etc اولف رامسى
260 ## - PUBLICATION, DISTRIBUTION, ETC. (IMPRINT)
تاريخ النشر أو التوزيع 1992
300 ## - الوصف المادى
التعداد 215 ص
650 04 - المدخل الاضافى بالموضوع-مصطلح موضوعى
مصطلح موضوعي الاسعافات الاولية
942 ## - عناصر المدخل الإضافي( كوها)
مصدر التصنيف او مخطط الترفيف Dewey Decimal Classification
Koha [default] item type كتاب
260 ## - PUBLICATION, DISTRIBUTION, ETC. (IMPRINT)
-- [S.N] :
-- الدار العربية للعلوم ،
Holdings
حالة التراجع حالة الفقد مصدر التصنيف او خطة الترفيف حالة تلف ليس للاعارة المكان المؤقت الموقع الحالى تاريخ الاكتساب اجمالي اﻻعارات رقم الطلب الباركود تاريخ اخر مشاهدة تاريخ تفعيل السعر نوع وعاء كوها
    ddc     مكتبة القاهرة الكبرى مكتبة القاهرة الكبرى 12/11/2018   614.88 \ ر أ 165243 12/11/2018 12/11/2018 كتاب
    ddc     مكتبة القاهرة الكبرى مكتبة القاهرة الكبرى 12/11/2018   614.88 \ ر أ 165244 12/11/2018 12/11/2018 كتاب

Powered By

EGPV